[Event "Mecklenburg VP-ch Youth"]
[Site "Malchow"]
[Date "2017.02.16"]
[Round "3.4"]
[White "Pusch, Lucas"]
[Black "Troemer, Axel"]
[Result "1-0"]
[WhiteElo "1140"]
[BlackElo "1355"]
[PlyCount "73"]
[EventDate "2017.02.08"]
[EventType "swiss"]
[EventRounds "7"]
[EventCountry "GER"]
[SourceTitle "EXT 2022"]
[Source "ChessBase"]
[SourceDate "2021.10.06"]
[SourceVersion "1"]
[SourceVersionDate "2021.10.06"]
[SourceQuality "1"]

1. e4 c6 2. d4 d5 3. e5 Bf5 4. Bd3 Bxd3 5. Qxd3 e6 6. Nf3 c5 7. 0-0 cxd4 8. Nxd4 Nd7 9. f4 Bc5 10. Be3 Ne7 11. Nd2 Qb6 12. N2b3 f6 13. Nxc5 Nxc5 14. Qb5+ Qxb5 15. Nxb5 Na6 16. Nd6+ Kd7 17. b3 fxe5 18. fxe5 Ng6 19. Bd4 Nb4 20. c3 Nd3 21. Nxb7 Kc6 22. Nd6 Ndxe5 23. Nf7 Nxf7 24. Rxf7 a6 25. Bxg7 Rhd8 26. Bd4 Rd7 27. Rf6 Kd6 28. Raf1 Rc8 29. b4 Rdd8 30. Bc5+ Kd7 31. Rf7+ Kc6 32. Rxh7 Re8 33. Rh6 Ne5 34. Re1 Nd7 35. Rexe6+ Rxe6 36. Rxe6+ Kb5 37. Bd4 1-0

[Event "Mecklenburg VP-ch Youth"]
[Site "Malchow"]
[Date "2017.02.16"]
[Round "4.2"]
[White "Schamber, Dennis"]
[Black "Pusch, Lucas"]
[Result "1-0"]
[WhiteElo "1714"]
[BlackElo "1140"]
[PlyCount "69"]
[EventDate "2017.02.08"]
[EventType "swiss"]
[EventRounds "7"]
[EventCountry "GER"]
[SourceTitle "EXT 2022"]
[Source "ChessBase"]
[SourceDate "2021.10.06"]
[SourceVersion "1"]
[SourceVersionDate "2021.10.06"]
[SourceQuality "1"]

1. d4 Nf6 2. c4 g6 3. Nc3 Bg7 4. e4 d6 5. f3 0-0 6. Bg5 Nc6 7. Qd2 a6 8. 0-0-0 Rb8 9. g4 e5 10. d5 Nd4 11. Nce2 Nxe2+ 12. Bxe2 Qe8 13. h4 Nd7 14. h5 f6 15. hxg6 Qxg6 16. Bh6 b5 17. Bxg7 Kxg7 18. Nh3 bxc4 19. g5 Kf7 20. gxf6 Ke8 21. Bxc4 Qxf6 22. Ng5 Qf4 23. Rxh7 Nb6 24. Qxf4 exf4 25. Bf1 Rg8 26. Ne6 Bxe6 27. dxe6 Rb7 28. Bxa6 Ra7 29. Bb5+ Kd8 30. e7+ Kc8 31. e8Q+ Rxe8 32. Bxe8 Rxa2 33. Bc6 Kd8 34. Kb1 Ra5 35. Rg1 1-0